Chanakya Neeti/ (Record no. 199317)
[ view plain ]
| 000 -LEADER | |
|---|---|
| fixed length control field | 00857nam a22002417a 4500 |
| 003 - CONTROL NUMBER IDENTIFIER | |
| control field | dpl |
| 005 - DATE AND TIME OF LATEST TRANSACTION | |
| control field | 20231213164318.0 |
| 008 - FIXED-LENGTH DATA ELEMENTS--GENERAL INFORMATION | |
| fixed length control field | 231130b |||||||| |||| 00| 0 eng d |
| 010 ## - LIBRARY OF CONGRESS CONTROL NUMBER | |
| LC control number | B-756057-060 |
| 020 ## - INTERNATIONAL STANDARD BOOK NUMBER | |
| International Standard Book Number | 9788183823425 |
| Terms of availability | 250.00 |
| 035 ## - SYSTEM CONTROL NUMBER | |
| System control number | B-756057-060 |
| 037 ## - SOURCE OF ACQUISITION | |
| Source of stock number/acquisition | Lotus Press |
| 040 ## - CATALOGING SOURCE | |
| Transcribing agency | 0 |
| 050 ## - LIBRARY OF CONGRESS CALL NUMBER | |
| Classification number | 170 |
| 082 ## - DEWEY DECIMAL CLASSIFICATION NUMBER | |
| Classification number | 170 |
| 245 ## - TITLE STATEMENT | |
| Title | Chanakya Neeti/ |
| Statement of responsibility, etc | Edited by - Mahendra Kulasrestha |
| 260 ## - PUBLICATION, DISTRIBUTION, ETC. (IMPRINT) | |
| Place of publication, distribution, etc | New Delhi |
| Name of publisher, distributor, etc | Lotus Press |
| Date of publication, distribution, etc | 2023 |
| 270 ## - ADDRESS | |
| Address | 4263/3, Ansari Road, Darya Ganj, |
| City | New Delhi |
| State or province | 110002 |
| 300 ## - PHYSICAL DESCRIPTION | |
| Extent | 151p. |
| Dimensions | 22cm(pbk) |
| 700 ## - ADDED ENTRY--PERSONAL NAME | |
| Relator code | Kulasrestha, Mahendra |
| 942 ## - ADDED ENTRY ELEMENTS (KOHA) | |
| Source of classification or shelving scheme | Dewey Decimal Classification |
| Koha item type | English Books |
| Classification part | 170 |
| Call number suffix | CHA |
| Withdrawn status | Lost status | Source of classification or shelving scheme | Damaged status | Not for loan | Collection code | Home library | Current library | Date acquired | Source of acquisition | Cost, normal purchase price | Total Checkouts | Total Renewals | Full call number | Barcode | Date last seen | Date checked out | Copy number | Cost, replacement price | Price effective from | Koha item type |
|---|---|---|---|---|---|---|---|---|---|---|---|---|---|---|---|---|---|---|---|---|
| Dewey Decimal Classification | Non-fiction | Central Jail Tihar | Central Jail Tihar | 13/12/2023 | Lotus Press/198/27.12.23/41/23.11.23/1.12.23 | 250.00 | 170 CHA | B-756059 | 13/12/2023 | 3 | 250.00 | 13/12/2023 | English Books | |||||||
| Dewey Decimal Classification | Non-fiction | Central Library | Central Library | 13/12/2023 | Lotus Press/198/27.12.23/41/23.11.23/1.12.23 | 250.00 | 2 | 1 | 170 CHA | B-756057 | 30/01/2025 | 16/01/2025 | 1 | 250.00 | 13/12/2023 | English Books | ||||
| Dewey Decimal Classification | Non-fiction | Diz Area | Diz Area | 13/12/2023 | Lotus Press/198/27.12.23/41/23.11.23/1.12.23 | 250.00 | 1 | 1 | 170 CHA | B-756060 | 06/04/2024 | 14/03/2024 | 4 | 250.00 | 13/12/2023 | English Books | ||||
| Dewey Decimal Classification | Non-fiction | Peshwa Road | Peshwa Road | 13/12/2023 | Lotus Press/198/27.12.23/41/23.11.23/1.12.23 | 250.00 | 170 CHA | B-756058 | 13/12/2023 | 2 | 250.00 | 13/12/2023 | English Books |
